Využitie pracovných listov v globálnom rozvojovom vzdelávaní

Bibliographic Details
Main Author: Suchožová, Eva (Author)
Format: Book
Language:Slovak
PhysicalDescription:68 s. fareb. ilustr. 29 cm
Published: Bratislava Metodicko-pedagogické centrum 2010
ISBN:9788080523497
Edition:1. vyd.
Subjects:

MARC

LEADER 00000cam a2200000 a 4500
001 vtls010270551
003 SK-MaSNL
005 20260302011717.0
008 240318s2010 xo a f 000 0 slo
015 |a SNBA2011/06-03501 
020 |a 9788080523497  |q (brož.) 
035 |a 6487F749-BCBD-4A67-BB4F-2125FC747C5E 
035 |a urn:nbn:sk:snk-amlsvf 
035 |a urn:nbn:sk:snk-am00c98c 
040 |a SNK  |b slo  |c SNK  |e AACR2 
041 0 |a slo 
044 |a xo  |c SK 
072 7 |a 37  |x Výchova a vzdelávanie  |2 konspekt 
080 |a 37.0-027.511  |2 2001 
080 |a (072)  |2 2001 
080 |a (076.1)  |2 2001 
100 1 |a Suchožová, Eva  |4 aut  |9 406415 
245 1 0 |a Využitie pracovných listov v globálnom rozvojovom vzdelávaní  |c Eva Suchožová 
250 |a 1. vyd. 
260 |a Bratislava  |b Metodicko-pedagogické centrum  |c 2010 
300 |a 68 s.  |b fareb. ilustr.  |c 29 cm 
500 |a Hrebeňová väzba 
504 |a Bibliogr. s. 60-62 
650 0 7 |a globálne rozvojové vzdelávanie  |2 SNKPH  |9 98087 
650 0 7 |a Global development education  |2 SNKPHeng  |9 342426 
655 7 |a metodické príručky  |2 SNKPH  |9 70250 
655 7 |a Methodological manuals  |2 SNKPHeng  |9 270866 
655 7 |a pracovné listy  |2 SNKPH  |9 70565 
655 7 |a Activity pages  |2 SNKPHeng  |9 303110 
852 |a Štátna vedecká knižnica v Banskej Bystrici 
919 |a 978-80-8052-349-7 
958 |a NB 
968 |d 37 
999 |c 1007128  |d 1009058 
952 |a SNK  |b SNK  |y PREZ  |7 0  |p 17A0696523  |o snkSB 81306  |i snk2011/8534  |8 0  |0 0  |1 0  |4 0  |d 2011-04-12  |f 1  |l 0  |r 2025-05-05 00:00:00  |w 2026-02-24 
952 |a SNK  |b SNK  |y PREZ  |7 0  |p 17A0696522  |o snkSB 81306 D1  |i snk2011/8535  |8 0  |0 0  |1 0  |4 0  |d 2011-04-12  |l 0  |r 2016-06-30 00:00:00  |w 2026-02-24